| 000 | 01000nam a22002297a 4500 | ||
|---|---|---|---|
| 003 | AR-FvUNAJ | ||
| 005 | 20250908094859.0 | ||
| 007 | cr | ||
| 008 | 250908b ||||| |||| 00| 0 spa d | ||
| 040 |
_aAR-FvUNAJ _dAR-FvUNAJ _eaacr2 |
||
| 110 | 1 |
_91492 _aArgentina. |
|
| 240 | _aLey 26.150 | ||
| 245 | 1 | 0 |
_aPrograma nacional de educación sexual integral / _cArgentina |
| 260 | _aBuenos Aires : | ||
| 300 | _adigital | ||
| 500 | _aBoletín Oficial, 24 de Octubre de 2006. | ||
| 650 | 0 |
_914453 _aPROGRAMA NACIONAL DE EDUCACIÓN SEXUAL INTEGRAL |
|
| 650 | 0 |
_91306 _aLEGISLACIÓN |
|
| 856 | _uhttps://www.saij.gob.ar/26150-nacional-programa-nacional-educacion-sexual-integral-lns0005133-2006-10-04/123456789-0abc-defg-g33-15000scanyel?q=%28numero-norma%3A26150%20%29&o=0&f=Total%7CTipo%20de%20Documento/Legislaci%F3n/Ley%7CFecha%7COrganismo%7CPublicaci%F3n%7CTema%7CEstado%20de%20Vigencia%7CAutor%7CJurisdicci%F3n&t=1 | ||
| 942 |
_2ddc _cWEB |
||
| 980 |
_62 _aVirginia Figueroa _82 _gVirginia Figueroa |
||
| 999 |
_c11082 _d11082 |
||